000 00260nam a2200097Ia 4500
008 240331s9999 xx 000 0 und d
082 _a303.6
_bCOM
100 _aDas, V
245 0 _aMirrors of violence :
_bcommunities, riots and survivors in South Asia
942 _cL
999 _c1258
_d1258